| 000 | 00455nam a22001697a 4500 | ||
|---|---|---|---|
| 999 |
_c524417 _d524417 |
||
| 003 | NUST | ||
| 038 | _awaseem | ||
| 082 |
_a500 _bGUP |
||
| 100 |
_aGupta, Seriew Parshad _915239 |
||
| 245 |
_aScience Aur Samaj / _cSeriew, Parshad Gupta |
||
| 260 |
_aLahore : _bBook Home, _c2004. |
||
| 300 | _a168 p. ; | ||
| 500 | _aHardcover. | ||
| 880 |
_6100-01\r _aسریو پرشادگپتا |
||
| 880 |
_6245-02\r _aساںنس اور سماج / |
||
| 942 |
_2ddc _cBK |
||